| 000 | 02892cam a22005294i 4500 | ||
|---|---|---|---|
| 003 | PE-LiUPU | ||
| 005 | 20250731173534.0 | ||
| 008 | 150623s r 000 0 d | ||
| 020 | _a0801038723 | ||
| 035 | _a(Sirsi) i9780801038723 | ||
| 040 |
_aPE-LiUPU _bspa _cPE-LiUPU _erda |
||
| 049 | _aPRUA | ||
| 082 | 0 | 4 |
_a016.226 406 _bG81 _221 |
| 100 | 1 |
_aGreen, Joel B., _eautor. |
|
| 245 | 1 | 0 |
_aLuke-Acts and New Testament historiography / _cJoel B. Green. |
| 264 | 1 |
_aGrand Rapids, Michigan : _bBaker Books, _c1994. |
|
| 300 |
_a148 páginas ; _c21 centímetros |
||
| 336 |
_atext _2rdacontent |
||
| 337 |
_aunmediated _2rdamedia |
||
| 338 |
_avolume _2rdacarrier |
||
| 490 | 0 |
_aIBR Bibliographies ; _v8 |
|
| 505 | 0 | _aBibliographies, Surveys, and Histories of Research.- Commentaries on the Gospel of Luke and the Acts of the Apostles.-Classic and Contemporary Approaches to Luke-acts.- The Genre, Unity, and Purpose of Luke-Acts.- TThe Theology of Luke-Acts.- The Tex of Luke-Acts.- The history and Nature of Historiography.- Old Testament and Jewish-Hellenistic Historiography.- Grecao-Roman Historiographer. | |
| 526 | _aSEG42 | ||
| 526 | _aSEG41 | ||
| 526 | _aSEG40 | ||
| 526 | _aSEG39 | ||
| 526 | _aP94 | ||
| 526 | _aP87 | ||
| 526 | _aP86 | ||
| 526 | _aP85 | ||
| 526 | _aP77 | ||
| 526 | _aP76 | ||
| 526 | _aP35 | ||
| 630 |
_aBiblia. _pN.T. _pHechos _xHistoriografía. |
||
| 630 |
_aBiblia. _pN.T. _pLucas _xHistoriografía. |
||
| 700 | 1 | _aMckeever, Michael C. | |
| 942 |
_2ddc _cBOOK |
||
| 949 |
_a226.406016 G81 _wDEWEY _c1 _i45214 _lCCODEBUL1 _mBUL _r0 _sY _tBOOK _u2015-4-23 _xTEOLOGIA _zUNKNOWN _0COMPRA _o.CIRCNOTE. No olvidar cambiar la fecha de devolución!!!!!!! _o.STAFF. Colección General |
||
| 949 |
_a226.406016 G81 _wDEWEY _c2 _i42360 _lCCODEBUL1 _mBUL _r0 _sY _tBOOK _u2015-6-16 _xTEOLOGIA _zUNKNOWN _0COMPRA _o.CIRCNOTE. No olvidar cambiar la fecha de devolución!!!!!!! _o.STAFF. Colección General |
||
| 949 |
_aRC 016.226 406 G81 _wDEWEY _c1 _i45695 _lCCODEBUL1 _mBUL _r0 _sY _tBOOK _u2015-6-24 _xTEOLOGIA _PP35 _0COMPRA _o.CIRCNOTE. No olvidar cambiar la fecha de devolución!!!!!!! _o.STAFF. Colección General |
||
| 994 |
_aC0 _bPEPRU |
||
| 596 | _a1 | ||
| 999 |
_a226.406016 G81 _wDEWEY _c60194 _i45214 _f2021-11-9 _g5 _lCCODEBUL1 _mBUL _r0 _sY _tBOOK _u2015-4-23 _xTEOLOGIA _zUNKNOWN _0COMPRA _o.CIRCNOTE. No olvidar cambiar la fecha de devolución!!!!!!! _o.STAFF. Colección General _d60194 |
||
| 999 |
_a226.406016 G81 _wDEWEY _c2 _i42360 _f2021-11-9 _g5 _lCCODEBUL1 _mBUL _r0 _sY _tBOOK _u2015-6-16 _xTEOLOGIA _zUNKNOWN _0COMPRA _o.CIRCNOTE. No olvidar cambiar la fecha de devolución!!!!!!! _o.STAFF. Colección General |
||
| 999 |
_aRC 016.226 406 G81 _wDEWEY _c1 _i45695 _f2021-11-8 _g5 _lCCODEBUL1 _mBUL _r1 _sY _tBOOK _u2015-6-24 _xTEOLOGIA _PP35 _0COMPRA _o.CIRCNOTE. No olvidar cambiar la fecha de devolución!!!!!!! _o.STAFF. Colección General |
||
| 980 |
_81 _gALBERTO SANCHEZ Responsable de Automatización |
||